Представление документа в формате RUSMARC

ПолеНазваниеЗначение
  Тип записи a
  Библиографический уровень m
001 Контрольный номер RU/УОНБ/EK/494001908
005 Дата корректировки 20250520121948.6
010 Индекс ISBN __
a ISBN 978-5-386-07769-3
d Цена 194 р.
9 Тираж 3000 экз.
b Уточнения в пер.
100 Данные общей обработки __
a Данные общей обработки 20140825d2014 u y0rus|0189 ||
101 Язык документа 0_
a Язык текста rus
102 Страна публикации __
a Страна публикации ru
105 Кодированные данные (монография) __
a Кодированные данные (монография) y z 000ab
200 Заглавие и сведения об ответственности 1_
a Заглавие Три страсти Петра Первого
e Сведения, относящиеся к заглавию неизвестная сторона жизни царя
f Первые сведения об ответственности В. Орлова
210 Выходные данные 1_
a Место издания Москва
c Издательство Рипол классик
d Дата издания 2014
215 Физическое описание __
a Объем 254 с.
d Формат 21 см
225 Серия 2_
a Серия Величайшие истории любви
300 Общие примечания __
a Общие примечания 16+
600 Персоналии _0
a Персоналии (Фамилия) Петр I (имп.)
c Дополнение к имени имп.
d Римские цифры I
f Даты 1672-1725
606 Тематические рубрики 0_
a Основная рубрика Исторические романы и рассказы (х. л.)
610 Ключевые слова 0_
a Ключевые слова проза русская
610 Ключевые слова 0_
a Ключевые слова Петр I
686 Индексы других классификаций __
a Классификационный индекс 84Р2-42
2 Код системы rubbk
700 Автор _1
a Фамилия Орлова
b Имя (инициалы) В.
g Полное личное имя Валерия
801 Источник записи _0
a Страна RU
b Организация РГБ
c Дата составления 20140825
g Правила каталогизации RCR
801 Источник записи _1
a Страна RU
b Организация Ульяновская ОНБ
c Дата составления 20150826
2 Код формата rusmarc
901 Тип документа __
t Тип документа m
909 Создатель записи __
a Создатель записи Пряхина
b Дата создания записи 20151016
938 Служебная информация __
a Имя БД books
b Имя библиотеки УОНБ
c Имя АИБС МАРК-SQL
d Номер DOC_ID в БД 314139